Państwa kończące się na literę Y według podpowiedzi - Statystyki

Ogólne statystyki
  • Ten quiz został rozwiązany 14 razy
  • Średni wynik to 7 z 11
Statystyki odpowiedzi
Podpowiedź Państwo % Poprawnych
Państwo wyspiarskie leżące blisko Stanów Zjednoczonych Bahamy
92%
Spiera się z Ukrainą o Zakarpacie Węgry
92%
Jego najdłuższą rzeką jest Ren Niemcy
83%
30 mln jego mieszkańców mieszka w jaskiniach Chiny
75%
Ma najwięcej obiektów ze światowej listy UNESCO Włochy
75%
Jego białe plaże są najrzadsze na świecie Malediwy
67%
Jego stolicą jest Kingstown Saint Vincent i Grenadyny
67%
Składa się z ponad 7 tyś. wysp z czego 880 jest zamieszkałych Filipiny
58%
Jego 4 gwiazdy na fladze symbolizują jego 4 wyspy Komory
50%
Jego stolica jest nazywana „Miastem o stu wieżach” Czechy
42%
Miało 309% inflację w 2016 roku Sudan Południowy
25%
Nie znaleziono quizów pasujących do podanych kryteriów
Rozkład punktacji
Procent ludzi z każdym wynikiem
Percentyl według liczby udzielonych odpowiedzi
Twoja historia wyników
Nie rozwiązałeś tego quizu